Statistics for Ingredients of Six Basic Mixed Drinks (Cocktails)

Click here to take the quiz!

General Stats

  • This quiz has been taken 739 times
    (604 since last reset)
  • The average score is 7 of 13

Answer Stats

Ingredient% Correct
American whiskey
92%
English gin
88%
White Cuban rum
83%
French dry vermouth
64%
Italian sweet vermouth
64%
Lemon juice
64%
Lime juice
63%
Simple syrup
60%
Angostura bitters
52%
Cognac/Armagnac
37%
Applejack
35%
Cointreau/Triple Sec
26%
Grenadine
17%

Score Distribution

Percentile by Number Answered

Percent of People with Each Score

Your Score History

You have not taken this quiz since the last reset